| 000 | 00513nam a22001817a 4500 | ||
|---|---|---|---|
| 005 | 20230124152336.0 | ||
| 040 | _curs | ||
| 050 | _aHF 5630 K56 2002 | ||
| 100 |
_93461 _aKimwell, Mercedes Bartolome- _eauthor |
||
| 245 |
_aConstructive accounting _cMercedes Bartolome-Kimwell |
||
| 250 | _aFifth edition | ||
| 260 |
_aManila _bGIC Enterprises _c2002 |
||
| 336 |
_2rdacontent _atext _btxt |
||
| 337 |
_2rdamedia _aunmediated _bn |
||
| 338 |
_2rdacarrier _avolume _bnc |
||
| 650 | 0 |
_9224 _aAccounting. |
|
| 942 |
_2lcc _cF |
||
| 999 |
_c67890 _d67890 |
||